| 000 | 01240nam a2200265 a 4500 | ||
|---|---|---|---|
| 001 | BRCA_8959 | ||
| 005 | 20190320210455.0 | ||
| 008 | 050717s1774----sp-#######---#000-0#spa-# | ||
| 041 | _aspa | ||
| 044 | _asp | ||
| 084 |
_aBE148 _b.F54 1774 |
||
| 100 | 1 |
_aFlecher, Espiritu _921901 |
|
| 245 | 1 | 0 |
_aSermones morales _cpredicados delante del rey por el Ilmo. Señor Espiritu Flecher, Obispo de Nimes, con sus discursos sinodales, y otros sermones predicados en la Apertura de los Estados de Lenguadoc, y en su cCatedrla; traducidos del francés al español por Don Juan Arribas y Soria... |
| 260 |
_aMadrid _bEn la oficina de la Viuda de Manuel Fernández _c1774 |
||
| 300 |
_a[2], 302 p. (t.6) _c21 x 14.5 cm |
||
| 500 | _aCon privilegio para seis tomos | ||
| 500 | _aEn portada: Se hallará en la Librería de Manuel de Godos, en las Gradas de San Phelipe el Real | ||
| 500 | _aEstado físico: presenta encuadernación en pergamino con presencia del pez de plata | ||
| 505 | 0 | _aContiene: Tomo II. de los morales, y VI. de la obra | |
| 650 | 1 | 4 |
_aSermones _yObras anteriores a 1800 _921369 |
| 700 | 1 |
_aArribas y Soria, Juan de _etr. _922258 |
|
| 700 | 1 |
_aFernández, Manuel _cViuda _eImpresor _922259 |
|
| 902 | _aCFM | ||
| 942 |
_2lcc _cB |
||
| 999 |
_c8610 _d8610 |
||